Impardonnable - Damso - Statistiques

Statistiques générales
  • Ce quiz a été pris 66 fois
  • Le résultat moyen est 284 sur 510
Statistiques - réponses
Réponse % Correct
à
100%
a
100%
c
100%
C
100%
t
100%
T
100%
l
97%
m
97%
j
94%
J
94%
Le
94%
le
94%
n
94%
N
94%
s
94%
d
92%
les
92%
Les
92%
en
86%
En
86%
te
86%
ai
83%
es
83%
ma
83%
ou
81%
81%
on
78%
qu
78%
De
75%
de
75%
un
72%
Un
72%
au
69%
par
69%
comme
67%
Dans
67%
me
67%
67%
pas
67%
vie
67%
Je
64%
je
64%
fait
61%
il
61%
Il
61%
que
61%
ténèbres
61%
commencé
58%
des
58%
mal
58%
ont
58%
cœur
56%
et
56%
oublie
56%
sentiments
56%
sur
56%
effet
53%
la
53%
moi
53%
trahi
53%
veux
53%
aucun
50%
brisé
50%
mais
50%
AR
47%
ça
47%
ils
47%
morts
47%
cou
44%
du
44%
est
44%
mimer
44%
pour
44%
tournent
44%
aiguilles
42%
quand
42%
fais
39%
parle
39%
tellement
39%
tout
39%
couple
36%
dessus
36%
Océanie
36%
pardonner
33%
ta
33%
non
31%
plus
31%
torts
31%
vrai
31%
bon
28%
bruit
28%
esclavage
28%
sauver
28%
suis
28%
aboli
25%
arrêt
25%
bravo
25%
compétition
25%
enfants
25%
été
25%
même
25%
Outre
25%
tes
25%
tis
25%
voirie
25%
cocaïne
22%
encore
22%
frustré
22%
plata
22%
rêveur
22%
seul
22%
strass
22%
âme
19%
amis
19%
Atlantique
19%
autour
19%
chantent
19%
cotons
19%
font
19%
maladie
19%
mère
19%
mon
19%
Oh
19%
paillettes
19%
pistolet
19%
Qui
19%
retweet
19%
salope
19%
sperme
19%
vrais
19%
wari
19%
y
19%
amour
17%
anciens
17%
champs
17%
fume
17%
nique
17%
personne
17%
rappeurs
17%
sachets
17%
Si
17%
somme
17%
Tu
17%
une
17%
aide
14%
allée
14%
concession
14%
couronne
14%
crois
14%
devient
14%
flow
14%
juste
14%
laisse
14%
leur
14%
lèvres
14%
quali
14%
rêves
14%
royaume
14%
sais
14%
sapé
14%
toute
14%
apporterai
11%
bonne
11%
dettes
11%
Émirats
11%
être
11%
mallette
11%
nous
11%
phrases
11%
repostés
11%
rrari
11%
toi
11%
vraiment
11%
aime
8%
commences
8%
elle
8%
grata
8%
jouent
8%
Nombreux
8%
prends
8%
sommes
8%
Sucent
8%
tension
8%
vraies
8%
wallet
8%
arrêtes
6%
causant
6%
Gâchis
6%
lourd
6%
persona
6%
remplit
6%
choqué
3%
G40
3%
inscrits
3%
mange
3%
Aucun quiz correspondant
Distribution des résultats
% des personnes avec chaque résultat
Percentile par nombre de réponses
Votre historique - résultats
Vous n’avez pas pris ce quiz